00593nam a2200217Ia 4500001000700000003000500007008004100012010001100053020001800064040000900082082002100091100003100112245006500143250001100208260004200219300001100261503002200272504005100294650000500345650002500350Z_2621CHAP220113s1979 xx 000 0 und d a165681 a968-420-002-1 cCHAP a581.972 S26 1979 aSánchez Sánchez, Oscar aLa flora del Valle de México /cOscar Sánchez Sánchez a5a ed. aMéxico :bEditorial Herrero,c1979 a519 p. aej.1: - ej.3: C/E aBibliografía: p. 514 - 519, Incluye índice a aBotánicaxMéxico